Language Quiz

Random Language or Book Quiz

Language Books: The Subtitles Quiz Stats

 Plays Quiz Updated Nov 25, 2015

Challenge
Share
Tweet
Embed
Score 0/15 Timer 04:00
3 Plays Today
% Correct
Merde!
83.1%
Alphabetical
79.1%
501 Spanish Verbs
77.8%
The Horse, the Wheel and Language
77.5%
Heavens to Betsy!
76.8%
In the Land of Invented Languages
75.9%
What Language Is
74.9%
Decolonising the Mind
69.4%
% Correct
Our Magnificent Bastard Tongue
68.5%
Expletive Deleted
66.3%
Eats, Shoots & Leaves
61%
Reading the OED
58.6%
Begat
56.1%
The Professor and the Madman
52.3%
Snark
45.9%

You're not logged in!

Compare scores with friends on all Sporcle quizzes.
Join for Free
OR
Log In

You Might Also Like...

Show Comments

Extras

Top Quizzes Today


Score Distribution

Your Account Isn't Verified!

In order to create a playlist on Sporcle, you need to verify the email address you used during registration. Go to your Sporcle Settings to finish the process.

Report this User

Report this user for behavior that violates our Community Guidelines.

Details: